Digital UNIX system administrator´s guide

Gespeichert in:
Bibliographische Detailangaben
1. Verfasser: Cheek, Matthew (Verfasst von)
Format: Buch
Sprache:Englisch
Veröffentlicht: Boston : Digital Press, 1999
Schlagworte:
Tags: Tag hinzufügen
Keine Tags, Fügen Sie das erste Tag hinzu!

MARC

LEADER 00000nam a22000003a 4500
001 stu51676
005 20150617225621.2
008 000120s1999----xxu-----------------eng-d
020 |a 1-55558-199-4 
040 |a STU  |b slo 
041 0 |a eng 
044 |a xxu 
080 |a 681.324.066 
080 |a UNIX 
080 |a 519.68 
084 |a C0310  |2 INS 
084 |a C5620  |2 INS 
084 |a C6150  |2 INS 
100 1 |a Cheek, Matthew  |4 aut 
245 1 |a Digital UNIX system administrator´s guide 
260 |a Boston :  |b Digital Press,  |c 1999 
300 |a 402 s 
650 7 |a sieťové operačné systémy  |2 stusub 
650 7 |a manažment počítačových sietí  |2 stusub 
650 7 |a UNIX  |2 stusub 
996 |c I*9OP5329  |l I  |s A  |a 24  |w stu51676_0001